Vista normal
Vista MARC
Entrada Nombre Personal
Número de registros utilizados en: 1
001 - CONTROL NUMBER
- control field: 12931
003 - CONTROL NUMBER IDENTIFIER
- control field: Cidap
005 - DATE AND TIME OF LATEST TRANSACTION
- control field: 20250826102737.0
008 - FIXED-LENGTH DATA ELEMENTS
- fixed length control field: 250826|| aca||aabn | a|a d
040 ## - CATALOGING SOURCE
- Original cataloging agency: Cidap
- Transcribing agency: Cidap
100 ## - HEADING--PERSONAL NAME
- Personal name: García, Marcela
- Relator term: Fotografía
670 ## - SOURCE DATA FOUND
- Source citation: Work cat.: (Cidap): Texto Mena, Vicente 12928, A propósito de música y danza





